<?xml version="1.0" encoding="UTF-8"?><?xml-stylesheet type="text/xsl" href="static/style.xsl"?><OAI-PMH xmlns="http://www.openarchives.org/OAI/2.0/" xmlns:xsi="http://www.w3.org/2001/XMLSchema-instance" xsi:schemaLocation="http://www.openarchives.org/OAI/2.0/ http://www.openarchives.org/OAI/2.0/OAI-PMH.xsd"><responseDate>2026-06-29T20:04:43Z</responseDate><request verb="GetRecord" identifier="oai:riubu.ubu.es:10259/6702" metadataPrefix="marc">https://riubu.ubu.es/oai/request</request><GetRecord><record><header><identifier>oai:riubu.ubu.es:10259/6702</identifier><datestamp>2024-05-17T09:41:10Z</datestamp><setSpec>com_10259_6394</setSpec><setSpec>com_10259_5086</setSpec><setSpec>com_10259_2604</setSpec><setSpec>col_10259_6395</setSpec></header><metadata><record xmlns="http://www.loc.gov/MARC21/slim" xmlns:doc="http://www.lyncode.com/xoai" xmlns:xsi="http://www.w3.org/2001/XMLSchema-instance" xmlns:dcterms="http://purl.org/dc/terms/" xsi:schemaLocation="http://www.loc.gov/MARC21/slim http://www.loc.gov/standards/marcxml/schema/MARC21slim.xsd">
<leader>00925njm 22002777a 4500</leader>
<datafield tag="042" ind1=" " ind2=" ">
<subfield code="a">dc</subfield>
</datafield>
<datafield tag="720" ind1=" " ind2=" ">
<subfield code="a">Soria Cáceres, Carlos Hugo</subfield>
<subfield code="e">author</subfield>
</datafield>
<datafield tag="260" ind1=" " ind2=" ">
<subfield code="c">2021-09</subfield>
</datafield>
<datafield tag="520" ind1=" " ind2=" ">
<subfield code="a">El ferrocarril tuvo su origen a mediados del s. XIX en Inglaterra. Concebido e ideado como un novedoso&#xd;
sistema de transporte, contribuyó al desarrollo de muchos territorios y al cambio en sus dinámicas económicas y&#xd;
sociales. De este modo, poco a poco se fue expandiendo por toda Europa y, paralelo a su desarrollo, estuvo&#xd;
acompañado de una preocupación e interés instantáneos por su imagen en los medios, tanto a nivel nacional como&#xd;
internacional. Se forjará así una imagen a medio camino entre el misticismo, la modernidad y los problemas que&#xd;
representaba su precaria y lenta transformación tecnológica. Más allá de estas connotaciones, el ferrocarril también se&#xd;
reflejará como un hecho mediático en obras pictóricas y literarias que con frecuencia evocarán paisajes idílicos y&#xd;
diversos.</subfield>
</datafield>
<datafield tag="520" ind1=" " ind2=" ">
<subfield code="a">The railway had its origin in the middle of the s. XIX in England. Conceived and devised as a novel&#xd;
transportation system, it contributed to the development of many territories and to the change in their economic and&#xd;
social dynamics. In this way, little by little it was expanding throughout Europe and parallel to its development was&#xd;
accompanied by an instant concern and interest in its image in the media, both nationally and internationally .In this&#xd;
way, an image will be forged halfway between mysticism, modernity and the problems represented by its precarious and&#xd;
slow technological transformation. Beyond these connotations, the railway will also be reflected as a media event in&#xd;
pictorial and literary works that frequently evoke idyllic and diverse landscapes.</subfield>
</datafield>
<datafield tag="024" ind2=" " ind1="8">
<subfield code="a">2474-5197</subfield>
</datafield>
<datafield tag="024" ind2=" " ind1="8">
<subfield code="a">http://hdl.handle.net/10259/6702</subfield>
</datafield>
<datafield tag="024" ind2=" " ind1="8">
<subfield code="a">10.18848/2474-5197/CGP/v06i02/29-42</subfield>
</datafield>
<datafield tag="024" ind2=" " ind1="8">
<subfield code="a">2386-8554</subfield>
</datafield>
<datafield ind1=" " ind2=" " tag="653">
<subfield code="a">Ferrocarril</subfield>
</datafield>
<datafield ind1=" " ind2=" " tag="653">
<subfield code="a">Imagen</subfield>
</datafield>
<datafield ind1=" " ind2=" " tag="653">
<subfield code="a">Medios de comunicación</subfield>
</datafield>
<datafield ind1=" " ind2=" " tag="653">
<subfield code="a">Territorio</subfield>
</datafield>
<datafield ind1=" " ind2=" " tag="653">
<subfield code="a">Paisaje</subfield>
</datafield>
<datafield ind1=" " ind2=" " tag="653">
<subfield code="a">Railway</subfield>
</datafield>
<datafield ind1=" " ind2=" " tag="653">
<subfield code="a">Image</subfield>
</datafield>
<datafield ind1=" " ind2=" " tag="653">
<subfield code="a">Mass Media</subfield>
</datafield>
<datafield ind1=" " ind2=" " tag="653">
<subfield code="a">Territory</subfield>
</datafield>
<datafield ind1=" " ind2=" " tag="653">
<subfield code="a">Landscape</subfield>
</datafield>
<datafield tag="245" ind1="0" ind2="0">
<subfield code="a">Aproximación al ferrocarril como hecho mediático: una imagen entre el territorio y el paisaje</subfield>
</datafield>
</record></metadata></record></GetRecord></OAI-PMH>